O Hobbit (Registo nº 1511)
[ vista simples ]
| 000 -Etiqueta do registo | |
|---|---|
| Cabeçalho | 00834nam0a2200277 4500 |
| 005 - Identificador da versão | |
| Campo de controlo | 20240813121838.0 |
| 010 ## - Número internacional normalizado dos livros (ISBN) | |
| Número (ISBN) | 9789721061903 |
| 021 ## - Número do Depósito Legal | |
| Código do país | PT |
| Número | 351140/12 |
| 100 ## - Dados gerais de processamento | |
| Dados gerais de processamento | 20150701d2012 me y0pory50030103ba |
| 102 ## - Pais de publicação ou produção | |
| País de publicação | Portugal |
| 101 1# - Língua de publicação | |
| Língua do texto, banda sonora, etc. | Português |
| Língua do documento no original | Inglês |
| 215 ## - Descrição física | |
| Indicação específica da natureza do documento e extensão da espécie | 259, [5] p. |
| Outras indicações físicas | il |
| 200 1# - Titulo e menção de responsabilidade | |
| Título próprio | O Hobbit |
| Primeira menção de responsabilidade | J. R. R. Tolkien |
| Outras menções de responsabilidade | il. do autor |
| 225 2# - Colecção | |
| Título próprio da colecção | Contemporânea |
| Indicação de volume | 195 |
| 205 ## - Menção da edição | |
| Menção da edição | 11ª ed |
| 210 ## - Publicação, Distribuição, etc. | |
| Lugar da edição, distribuição, etc. | Mem Martins |
| Nome do editor, distribuidor, etc. | Europa-América |
| Data da publicação, distribuição, etc. | 2012 |
| 300 ## - Notas gerais | |
| Texto da nota | Metas Curriculares |
| 606 ## - Nome comum usado como assunto | |
| Número de registo de entrada de autoridade | 0002328 |
| Palavra de ordem | Literatura inglesa |
| Subdivisão de assunto | Ficção científica |
| Código do sistema | CA |
| 675 ## - Classificação Decimal Universal (CDU) | |
| Notação | 821.111-311.9 |
| Edição | 3ª ed. |
| Língua da edição | por |
| 702 #1 - Nome de autor-pessoa física (responsabilidade secundária) | |
| Número de registo de entrada de autoridade | 0002330 |
| Palavra de ordem | Tolkien |
| Outra parte do nome não tomada para palavra de ordem | John Ronald Reuel |
| Datas | 1892-1973 |
| Código de função | Ilustrador / Técnico de desenho computorizado |
| 700 #1 - Nome de autor-pessoa física (responsabilidade principal) | |
| Número de registo de entrada de autoridade | 0002330 |
| Palavra de ordem | Tolkien |
| Outra parte do nome não tomada para palavra de ordem | John Ronald Reuel |
| Datas | 1892-1973 |
| 966 ## - Identificação da Biblioteca | |
| Sigla | EB2,3ENM |
| 942 ## - Elementos de entrada adicionados (Koha) | |
| Tipo de item no Koha | Livro |
| Situação do levantamento | Origin of item (home branch) (coded) | Biblioteca de empréstimo | Código de barras | Cota | Circulation type (not for loan) | Tipo de documento | Nota do exemplar | Damaged status |
|---|---|---|---|---|---|---|---|---|
| Biblioteca Escolar Eng. Nuno Mergulhão | Biblioteca Escolar Eng. Nuno Mergulhão | BENM3508 | 82LE-3 TOL MET | Livro | Sem mensagem |
